[Event "GBR-ch87"]
[Site "Millfield"]
[Date "2000.07.31"]
[Round "1.29"]
[White "Pleasants, Allan"]
[Black "Greet, Andrew"]
[Result "0-1"]
[WhiteElo "2040"]
[BlackElo "2266"]
[PlyCount "72"]
[EventDate "2000.07.31"]
[EventType "swiss"]
[EventRounds "11"]
[EventCountry "GBR"]
[SourceTitle "BritBase"]
[SourceDate "2008.07.14"]
[SourceVersion "1"]
[SourceVersionDate "2008.07.14"]
[SourceQuality "2"]

1. e4 c5 2. d4 cxd4 3. c3 dxc3 4. Nxc3 e6 5. Nf3 a6 6. Bc4 b5 7. Bb3 Bb7 8. Qe2
d6 9. O-O Nd7 10. Rd1 Ngf6 11. a3 Be7 12. Bf4 Qb8 13. Rac1 O-O 14. Nd4 Ne5 15.
Bg3 Rc8 16. Nxe6 fxe6 17. Bxe6+ Kh8 18. Bxc8 Bxc8 19. Bxe5 dxe5 20. Nd5 Nxd5
21. exd5 Bd6 22. Qh5 Bd7 23. Rc3 Qe8 24. Qxe8+ Rxe8 25. f3 Kg8 26. g3 Rb8 27.
b4 Ra8 28. Rd2 a5 29. Rb3 Kf7 30. Kf2 axb4 31. axb4 Ra1 32. Ke3 Bc8 33. f4
exf4+ 34. gxf4 Re1+ 35. Re2 Bxf4+ 36. Kf3 Rxe2 0-1

[Event "GBR-ch87"]
[Site "Millfield"]
[Date "2000.07.31"]
[Round "1.30"]
[White "Vigus, James"]
[Black "Morgan, Ben"]
[Result "1-0"]
[WhiteElo "2266"]
[BlackElo "2035"]
[PlyCount "53"]
[EventDate "2000.07.31"]
[EventType "swiss"]
[EventRounds "11"]
[EventCountry "GBR"]
[SourceTitle "BritBase"]
[SourceDate "2008.07.14"]
[SourceVersion "1"]
[SourceVersionDate "2008.07.14"]
[SourceQuality "2"]

1. d4 e6 2. c4 b6 3. e4 Bb7 4. Qc2 Qh4 5. Nd2 Bb4 6. Bd3 f5 7. Ngf3 Qg4 8. O-O
Bxd2 9. Nxd2 Nf6 10. f3 Qh4 11. Qc3 fxe4 12. fxe4 O-O 13. b3 d6 14. d5 Nbd7 15.
Nf3 Qh5 16. Bb2 e5 17. b4 Qg4 18. h3 Qh5 19. Qd2 h6 20. Rac1 a5 21. a3 g5 22.
c5 bxc5 23. bxc5 Nxc5 24. Rxc5 dxc5 25. Nxe5 Qe8 26. Qc3 Bc8 27. Nc6 1-0

[Event "GBR-ch87"]
[Site "Millfield"]
[Date "2000.07.31"]
[Round "1.31"]
[White "Homer, Stephen"]
[Black "Evans-Quek, Suan"]
[Result "1-0"]
[WhiteElo "2030"]
[BlackElo "2261"]
[PlyCount "81"]
[EventDate "2000.07.31"]
[EventType "swiss"]
[EventRounds "11"]
[EventCountry "GBR"]
[SourceTitle "BritBase"]
[SourceDate "2008.07.14"]
[SourceVersion "1"]
[SourceVersionDate "2008.07.14"]
[SourceQuality "2"]

1. e4 c5 2. Nc3 Nc6 3. f4 d6 4. Bb5 Bd7 5. Nf3 e6 6. O-O a6 7. Bxc6 Bxc6 8. d3
Qc7 9. Bd2 Nf6 10. Qe1 Be7 11. Nd1 d5 12. e5 Ng8 13. d4 Bb5 14. Rf2 Nh6 15. Ne3
b6 16. a4 Bc6 17. c3 a5 18. f5 exf5 19. c4 f4 20. Nxd5 Qb7 21. Nxe7 Bxf3 22.
Rxf3 Qxe7 23. Qe4 Rd8 24. d5 g5 25. Re1 f5 26. exf6 Qxe4 27. Rxe4+ Kf7 28. Re7+
Kxf6 29. Re6+ Kf5 30. Rxh6 Rhe8 31. Rxb6 Re4 32. b3 Rde8 33. Bxa5 Rd4 34. Re6
Rb8 35. h3 h5 36. Bc7 Rb7 37. Re5+ Kg6 38. Re6+ Kg7 39. Rc6 g4 40. hxg4 hxg4
41. Rxf4 1-0

[Event "GBR-ch87"]
[Site "Millfield"]
[Date "2000.07.31"]
[Round "1.32"]
[White "Rayner, Francis"]
[Black "Freeman, Richard CP"]
[Result "1-0"]
[WhiteElo "2256"]
[BlackElo "2025"]
[PlyCount "63"]
[EventDate "2000.07.31"]
[EventType "swiss"]
[EventRounds "11"]
[EventCountry "GBR"]
[SourceTitle "BritBase"]
[SourceDate "2008.07.14"]
[SourceVersion "1"]
[SourceVersionDate "2008.07.14"]
[SourceQuality "2"]

1. e4 c5 2. Nf3 g6 3. c4 Bg7 4. d4 cxd4 5. Nxd4 Nc6 6. Be3 Nf6 7. Nc3 Ng4 8.
Qxg4 Nxd4 9. Qd1 Ne6 10. Qd2 Qa5 11. Rc1 b6 12. Be2 Bb7 13. f3 g5 14. O-O Qe5
15. Rfd1 d6 16. b3 h5 17. Nd5 Kf8 18. h4 Qg3 19. Bf2 Qe5 20. hxg5 Qxg5 21. f4
Qh6 22. Be3 Bxd5 23. cxd5 Nc5 24. e5 Qg6 25. b4 Ne4 26. Qc2 Bh6 27. Bd3 Qg3 28.
Re1 f5 29. Bxe4 fxe4 30. Qxe4 Qg4 31. exd6 exd6 32. Bd4 1-0

[Event "GBR-ch87"]
[Site "Millfield"]
[Date "2000.07.31"]
[Round "1.33"]
[White "Howell, David W"]
[Black "McMichael, Richard"]
[Result "0-1"]
[WhiteElo "2020"]
[BlackElo "2250"]
[PlyCount "120"]
[EventDate "2000.07.31"]
[EventType "swiss"]
[EventRounds "11"]
[EventCountry "GBR"]
[SourceTitle "BritBase"]
[SourceDate "2008.07.14"]
[SourceVersion "1"]
[SourceVersionDate "2008.07.14"]
[SourceQuality "2"]

1. e4 e5 2. Nf3 d6 3. d4 exd4 4. Nxd4 Nf6 5. Nc3 Be7 6. g3 O-O 7. Bg2 a6 8. O-O
Re8 9. h3 Bf8 10. Be3 Bd7 11. Qd3 Nc6 12. f4 Nxd4 13. Bxd4 Bc6 14. Nd5 Nxd5 15.
exd5 Bd7 16. Be4 h6 17. Rae1 Bxh3 18. Bg2 Qd7 19. Rxe8 Rxe8 20. f5 Bxg2 21.
Kxg2 Qe7 22. Qf3 Qe4 23. c3 c5 24. dxc6 bxc6 25. Qxe4 Rxe4 26. Kf3 d5 27. Rd1
g6 28. f6 g5 29. b4 Bd6 30. a4 Kh7 31. Rb1 Be5 32. b5 Bxd4 33. cxd4 cxb5 34.
axb5 axb5 35. Rxb5 Rxd4 36. Ke3 Re4+ 37. Kf3 Re5 38. g4 Kg6 39. Rb6 Re6 40. Rb5
Rxf6+ 41. Kg3 Rd6 42. Rb3 d4 43. Rd3 h5 44. Kh3 hxg4+ 45. Kxg4 f5+ 46. Kf3 Kf6
47. Kg3 Ke5 48. Kf3 Rd5 49. Rd1 d3 50. Rd2 g4+ 51. Ke3 f4+ 52. Kf2 Ke4 53. Rd1
d2 54. Ke2 f3+ 55. Kf2 Kf4 56. Kg1 Kg3 57. Kf1 Rh5 58. Kg1 f2+ 59. Kf1 Rh1+ 60.
Ke2 Rxd1 0-1

[Event "GBR-ch87"]
[Site "Millfield"]
[Date "2000.07.31"]
[Round "1.34"]
[White "Stephenson, F Norman"]
[Black "Douglas, Timothy"]
[Result "1-0"]
[WhiteElo "2241"]
[BlackElo "2015"]
[PlyCount "105"]
[EventDate "2000.07.31"]
[EventType "swiss"]
[EventRounds "11"]
[EventCountry "GBR"]
[SourceTitle "BritBase"]
[SourceDate "2008.07.14"]
[SourceVersion "1"]
[SourceVersionDate "2008.07.14"]
[SourceQuality "2"]

1. d4 d6 2. e4 g6 3. Nf3 Bg7 4. Nc3 Nf6 5. Be3 O-O 6. Qd2 Bg4 7. Ng5 Nc6 8. h3
Bd7 9. Bd3 a6 10. O-O e5 11. dxe5 dxe5 12. Bc4 Qe7 13. Rad1 Rad8 14. Qc1 b5 15.
Bd5 Nb4 16. a3 Nbxd5 17. Nxd5 Nxd5 18. Rxd5 Rfe8 19. Nf3 Bc6 20. Rxd8 Rxd8 21.
Nd2 f5 22. f3 Qd6 23. exf5 gxf5 24. Nb3 Qd5 25. Bh6 Bf6 26. Bg5 Qd6 27. Bxf6
Qxf6 28. Qe3 Kh8 29. Re1 e4 30. Qf4 exf3 31. Qxc7 fxg2 32. Qf4 Bd5 33. Nd4 Bb7
34. Nxf5 Rf8 35. Qe5 Qxe5 36. Rxe5 h5 37. Ne3 Rg8 38. Rxh5+ Kg7 39. Rg5+ Kf7
40. Rxg8 Kxg8 41. Nxg2 Kg7 42. Kf2 Kg6 43. Kg3 Kg5 44. h4+ Kf5 45. Ne3+ Ke4 46.
Kf2 Kf4 47. c3 Be4 48. b3 a5 49. c4 bxc4 50. Nxc4 a4 51. b4 Kg4 52. Ke3 Bc6 53.
Ne5+ 1-0

[Event "GBR-ch87"]
[Site "Millfield"]
[Date "2000.08.01"]
[Round "2.2"]
[White "Kelly, Brian"]
[Black "Emms, John"]
[Result "1/2-1/2"]
[WhiteElo "2426"]
[BlackElo "2527"]
[PlyCount "36"]
[EventDate "2000.07.31"]
[EventType "swiss"]
[EventRounds "11"]
[EventCountry "GBR"]
[SourceTitle "BritBase"]
[SourceDate "2008.07.14"]
[SourceVersion "1"]
[SourceVersionDate "2008.07.14"]
[SourceQuality "2"]

1. c4 c5 2. g3 g6 3. Bg2 Bg7 4. Nc3 Nc6 5. a3 Nf6 6. Rb1 a5 7. Nh3 O-O 8. Nf4
d6 9. O-O Bd7 10. d3 Ne8 11. Nb5 Rb8 12. Nd5 Nf6 13. Nxf6+ Bxf6 14. e3 Qc8 15.
Bd2 Bh3 16. Bc3 Bxc3 17. bxc3 Rd8 18. e4 Bxg2 1/2-1/2

[Event "GBR-ch87"]
[Site "Millfield"]
[Date "2000.08.01"]
[Round "2.4"]
[White "Williams, Simon K"]
[Black "Lalic, Bogdan"]
[Result "0-1"]
[WhiteElo "2353"]
[BlackElo "2520"]
[PlyCount "72"]
[EventDate "2000.07.31"]
[EventType "swiss"]
[EventRounds "11"]
[EventCountry "GBR"]
[SourceTitle "BritBase"]
[SourceDate "2008.07.14"]
[SourceVersion "1"]
[SourceVersionDate "2008.07.14"]
[SourceQuality "2"]

1. c4 e5 2. Nc3 Nc6 3. Nf3 g6 4. d4 exd4 5. Nxd4 Bg7 6. Nxc6 bxc6 7. g3 Qe7 8.
Bg2 Qe6 9. Nb5 cxb5 10. Bxa8 bxc4 11. Bd5 Qa6 12. O-O Ne7 13. Bg2 O-O 14. Bg5
Nc6 15. Qd2 Nd4 16. e4 Re8 17. Bh6 Bxh6 18. Qxd4 Bg7 19. Qd2 d6 20. Kh1 Qb6 21.
Rab1 Ba6 22. Rfc1 Rb8 23. h4 Bd4 24. Kg1 Qc5 25. Bf1 Re8 26. Qf4 Re6 27. b4 Qb6
28. b5 Bb7 29. Rxc4 Rf6 30. Qd2 Bxf2+ 31. Kg2 d5 32. exd5 Be3 33. Qd3 Rf2+ 34.
Kh1 Rd2 35. Rc6 Rxd3 36. Rxb6 Bxd5+ 0-1

[Event "GBR-ch87"]
[Site "Millfield"]
[Date "2000.08.01"]
[Round "2.5"]
[White "Ward, Chris"]
[Black "Buckley, Graeme"]
[Result "1-0"]
[WhiteElo "2508"]
[BlackElo "2351"]
[PlyCount "89"]
[EventDate "2000.07.31"]
[EventType "swiss"]
[EventRounds "11"]
[EventCountry "GBR"]
[SourceTitle "BritBase"]
[SourceDate "2008.07.14"]
[SourceVersion "1"]
[SourceVersionDate "2008.07.14"]
[SourceQuality "2"]

1. d4 Nf6 2. c4 g6 3. Nc3 Bg7 4. e4 d6 5. f3 O-O 6. Nge2 c5 7. d5 e6 8. Ng3
exd5 9. cxd5 Nh5 10. Nxh5 gxh5 11. Bf4 f5 12. Qd2 Qf6 13. Bg5 Qg6 14. Bd3 Na6
15. O-O Bd7 16. Rae1 Rf7 17. exf5 Bxf5 18. Re6 Bf6 19. Rxf6 Rxf6 20. Bxa6 bxa6
21. Bxf6 Qxf6 22. Ne4 Bxe4 23. fxe4 Qd4+ 24. Qxd4 cxd4 25. Rd1 Rb8 26. b3 Rb4
27. Kf2 Kf7 28. Ke2 a5 29. Rc1 a4 30. Rc7+ Kf6 31. bxa4 Rxa4 32. Rxh7 Ke5 33.
Re7+ Kf4 34. g3+ Kg4 35. Kd3 Rxa2 36. Re6 Ra6 37. e5 Ra3+ 38. Kxd4 dxe5+ 39.
Rxe5 Ra2 40. d6 Rd2+ 41. Kc5 Rc2+ 42. Kd5 Rxh2 43. Re4+ Kxg3 44. d7 Rd2+ 45.
Rd4 1-0

[Event "GBR-ch87"]
[Site "Millfield"]
[Date "2000.08.01"]
[Round "2.6"]
[White "Simutowe, Amon"]
[Black "Wells, Peter"]
[Result "1-0"]
[WhiteElo "2322"]
[BlackElo "2506"]
[PlyCount "113"]
[EventDate "2000.07.31"]
[EventType "swiss"]
[EventRounds "11"]
[EventCountry "GBR"]
[SourceTitle "BritBase"]
[SourceDate "2008.07.14"]
[SourceVersion "1"]
[SourceVersionDate "2008.07.14"]
[SourceQuality "2"]

1. d4 Nf6 2. c4 e6 3. Nc3 Bb4 4. Qc2 O-O 5. a3 Bxc3+ 6. Qxc3 b6 7. Bg5 Ba6 8.
e3 d6 9. f3 Nbd7 10. Nh3 c5 11. dxc5 bxc5 12. Be2 Qb6 13. O-O d5 14. Rfd1 e5
15. Qd2 Bxc4 16. Bxc4 dxc4 17. Rac1 h6 18. Bxf6 Nxf6 19. Qe2 Rab8 20. Rd2 Rfd8
21. Rxd8+ Rxd8 22. Rxc4 Qb5 23. Nf2 Nd5 24. Rc2 Qxe2 25. Rxe2 Nb6 26. Rc2 c4
27. Kf1 f5 28. Ke2 Kf7 29. g3 Ke6 30. h4 Rb8 31. Nd1 Na4 32. Kd2 Kd5 33. Kc1
Rb3 34. Rd2+ Kc6 35. Kc2 Rb7 36. Rd8 f4 37. gxf4 exf4 38. e4 Nc5 39. Rd4 Rd7
40. Rxc4 Kb5 41. b3 Ne6 42. Nc3+ Kb6 43. Na4+ Kb5 44. Nc3+ Kb6 45. Nd5+ Kb7 46.
h5 Ng5 47. Rc3 Ne6 48. Kd3 Nf8 49. Kd4 g6 50. Ke5 gxh5 51. Kxf4 Rg7 52. Rc2 h4
53. Rh2 Rg5 54. Ke3 Ng6 55. Nf4 Ne5 56. Rxh4 Rg7 57. Rh5 1-0

[Event "GBR-ch87"]
[Site "Millfield"]
[Date "2000.08.01"]
[Round "2.7"]
[White "Hebden, Mark"]
[Black "Aarthie, Ramaswamy"]
[Result "1-0"]
[WhiteElo "2505"]
[BlackElo "2319"]
[PlyCount "79"]
[EventDate "2000.07.31"]
[EventType "swiss"]
[EventRounds "11"]
[EventCountry "GBR"]
[SourceTitle "BritBase"]
[SourceDate "2008.07.14"]
[SourceVersion "1"]
[SourceVersionDate "2008.07.14"]
[SourceQuality "2"]

1. d4 Nf6 2. Nf3 g6 3. Nc3 d5 4. Bf4 Bg7 5. e3 O-O 6. Be2 c5 7. Ne5 Nc6 8. O-O
cxd4 9. exd4 Bf5 10. Nxc6 bxc6 11. Re1 Ne4 12. Nxe4 Bxe4 13. c3 Bf5 14. Qd2 Re8
15. Bf1 Qd7 16. Rac1 Rac8 17. Bh6 Ra8 18. b4 f6 19. c4 e5 20. Be3 Qf7 21. cxd5
cxd5 22. Bb5 Rf8 23. Rc5 e4 24. Rec1 Rac8 25. Bf4 Rxc5 26. dxc5 Be6 27. c6 g5
28. Bd6 Rd8 29. Bg3 h6 30. Qd4 f5 31. Be5 Rc8 32. Ba6 Re8 33. c7 Bxe5 34. Qxe5
Bc8 35. Qd6 Kh7 36. Bxc8 Rxc8 37. h3 f4 38. Rc6 Qg7 39. Qxd5 e3 40. Qf5+ 1-0

[Event "GBR-ch87"]
[Site "Millfield"]
[Date "2000.08.01"]
[Round "2.8"]
[White "Koneru, Humpy"]
[Black "Gormally, Daniel W"]
[Result "0-1"]
[WhiteElo "2286"]
[BlackElo "2499"]
[PlyCount "76"]
[EventDate "2000.07.31"]
[EventType "swiss"]
[EventRounds "11"]
[EventCountry "GBR"]
[SourceTitle "BritBase"]
[SourceDate "2008.07.14"]
[SourceVersion "1"]
[SourceVersionDate "2008.07.14"]
[SourceQuality "2"]

1. d4 Nf6 2. Nf3 d5 3. g3 Bg4 4. Bg2 e6 5. O-O Nbd7 6. c4 c6 7. b3 Bd6 8. Bb2
O-O 9. Nbd2 Qe7 10. Ne5 Bh5 11. Re1 Rfd8 12. Bf3 Bb4 13. Nxd7 Rxd7 14. Bxh5
Nxh5 15. a3 Bxd2 16. Qxd2 Nf6 17. Qc2 Ne4 18. f3 Nd6 19. e4 dxc4 20. bxc4 b5
21. cxb5 cxb5 22. Qb3 a6 23. Bc3 h6 24. Bb4 Qd8 25. Red1 Rc8 26. a4 bxa4 27.
Rxa4 Nb5 28. Ba5 Qg5 29. d5 Nc3 30. f4 Qh5 31. Bxc3 Rxc3 32. Qb8+ Kh7 33. Rad4
Qe2 34. Qb4 Qe3+ 35. Kh1 Rdc7 36. d6 R7c4 37. Qxc3 Rxc3 38. d7 Rc2 0-1

[Event "GBR-ch87"]
[Site "Millfield"]
[Date "2000.08.01"]
[Round "2.10"]
[White "Greet, Andrew"]
[Black "Arkell, Keith"]
[Result "0-1"]
[WhiteElo "2266"]
[BlackElo "2481"]
[PlyCount "36"]
[EventDate "2000.07.31"]
[EventType "swiss"]
[EventRounds "11"]
[EventCountry "GBR"]
[SourceTitle "BritBase"]
[SourceDate "2008.07.14"]
[SourceVersion "1"]
[SourceVersionDate "2008.07.14"]
[SourceQuality "2"]

1. e4 c6 2. d4 d5 3. e5 c5 4. dxc5 Nc6 5. Bb5 e6 6. Be3 Nge7 7. c3 Bd7 8. Bxc6
Nxc6 9. f4 g5 10. fxg5 h6 11. gxh6 Bxh6 12. Qe2 Qh4+ 13. Kf1 Bxe3 14. Qxe3 Nxe5
15. Na3 Ng4 16. Qd2 Nxh2+ 17. Ke2 Qg4+ 18. Ke1 Nf3+ 0-1

[Event "GBR-ch87"]
[Site "Millfield"]
[Date "2000.08.01"]
[Round "2.12"]
[White "McMichael, Richard"]
[Black "Wohl, Aleksandar"]
[Result "1-0"]
[WhiteElo "2250"]
[BlackElo "2461"]
[PlyCount "85"]
[EventDate "2000.07.31"]
[EventType "swiss"]
[EventRounds "11"]
[EventCountry "GBR"]
[SourceTitle "BritBase"]
[SourceDate "2008.07.14"]
[SourceVersion "1"]
[SourceVersionDate "2008.07.14"]
[SourceQuality "2"]

1. b3 e5 2. Bb2 Nc6 3. e3 Nf6 4. c4 d5 5. cxd5 Nxd5 6. Nc3 Nb6 7. Nf3 Bd6 8. d4
O-O 9. Be2 Qe7 10. d5 Nd8 11. e4 a6 12. Nd2 c6 13. Nc4 Nxc4 14. bxc4 b5 15. O-O
Rb8 16. Rb1 b4 17. Na4 c5 18. Ba1 f5 19. exf5 Bxf5 20. Rb3 Nf7 21. Re3 Qc7 22.
Bd3 Nh6 23. Be4 Bd7 24. Nb2 Nf5 25. Rh3 h6 26. Nd3 a5 27. Re1 a4 28. Rf3 Nd4
29. Rxf8+ Rxf8 30. h3 Qd8 31. f4 exf4 32. Bxd4 cxd4 33. c5 Be7 34. d6 Bh4 35.
Rf1 Be6 36. Nxb4 Qg5 37. Qxd4 f3 38. Bxf3 Rf4 39. Qe3 Bf7 40. Nd3 Rc4 41. Qxg5
Bxg5 42. c6 Rc3 43. c7 1-0

[Event "GBR-ch87"]
[Site "Millfield"]
[Date "2000.08.01"]
[Round "2.13"]
[White "Summerscale, Aaron"]
[Black "Stephenson, F Norman"]
[Result "1-0"]
[WhiteElo "2459"]
[BlackElo "2241"]
[PlyCount "61"]
[EventDate "2000.07.31"]
[EventType "swiss"]
[EventRounds "11"]
[EventCountry "GBR"]
[SourceTitle "BritBase"]
[SourceDate "2008.07.14"]
[SourceVersion "1"]
[SourceVersionDate "2008.07.14"]
[SourceQuality "2"]

1. d4 d5 2. c4 e6 3. Nc3 Nf6 4. cxd5 exd5 5. Bg5 Be7 6. e3 c6 7. Qc2 Nbd7 8.
Bd3 O-O 9. Nge2 Re8 10. O-O Nf8 11. f3 Nh5 12. Bxe7 Qxe7 13. e4 dxe4 14. fxe4
Be6 15. e5 c5 16. Nb5 cxd4 17. Nd6 Qg5 18. Nxe8 Rxe8 19. Nxd4 Qxe5 20. Nxe6
fxe6 21. Rae1 Qd6 22. Rd1 Qb6+ 23. Qf2 Qxf2+ 24. Rxf2 Nf6 25. Bb5 Rc8 26. Ba4
Rc7 27. Rc2 Re7 28. Rdc1 Nd5 29. Bb3 Kf7 30. Bxd5 exd5 31. Rf1+ 1-0

[Event "GBR-ch87"]
[Site "Millfield"]
[Date "2000.08.01"]
[Round "2.14"]
[White "Obiamiwe, Paul"]
[Black "Pert, Nicholas"]
[Result "0-1"]
[WhiteElo "2065"]
[BlackElo "2455"]
[PlyCount "108"]
[EventDate "2000.07.31"]
[EventType "swiss"]
[EventRounds "11"]
[EventCountry "GBR"]
[SourceTitle "BritBase"]
[SourceDate "2008.07.14"]
[SourceVersion "1"]
[SourceVersionDate "2008.07.14"]
[SourceQuality "2"]

1. e4 e6 2. d4 d5 3. Nc3 Bb4 4. e5 c5 5. a3 Bxc3+ 6. bxc3 Qa5 7. Bd2 Qa4 8. Nf3
b6 9. Be2 Ba6 10. O-O Ne7 11. Re1 Bxe2 12. Qxe2 Nd7 13. Bg5 Nc6 14. Be3 cxd4
15. cxd4 Rc8 16. c3 h6 17. h3 Na5 18. Bd2 Nb3 19. Rab1 Nxd2 20. Qxd2 O-O 21.
Nh2 Qxa3 22. Ra1 Qxc3 23. Qxc3 Rxc3 24. Rxa7 Nb8 25. Rb1 Nc6 26. Ra4 Rb8 27.
Nf3 b5 28. Raa1 b4 29. Kf1 b3 30. Ra3 Rb4 31. Ke1 Nxd4 32. Nxd4 Rxd4 33. Raxb3
Re4+ 34. Kd2 Rxb3 35. Rxb3 Rxe5 36. Rb7 Re4 37. Kd3 g6 38. g3 g5 39. f3 Re1 40.
h4 Rg1 41. g4 gxh4 42. Rb2 h5 43. gxh5 Rg5 44. Rb8+ Kh7 45. Rf8 Kg7 46. Rb8
Rxh5 47. Rb1 h3 48. Ke3 h2 49. Rh1 Kf6 50. Kf2 Kf5 51. Kg3 d4 52. Kg2 d3 53.
Kf2 d2 54. Ke2 Kf4 0-1

[Event "GBR-ch87"]
[Site "Millfield"]
[Date "2000.08.01"]
[Round "2.15"]
[White "Hunt, Harriet"]
[Black "Homer, Stephen"]
[Result "1-0"]
[WhiteElo "2454"]
[BlackElo "2030"]
[PlyCount "63"]
[EventDate "2000.07.31"]
[EventType "swiss"]
[EventRounds "11"]
[EventCountry "GBR"]
[SourceTitle "BritBase"]
[SourceDate "2008.07.14"]
[SourceVersion "1"]
[SourceVersionDate "2008.07.14"]
[SourceQuality "2"]

1. e4 c5 2. Nc3 Nc6 3. f4 g6 4. Nf3 Bg7 5. Bb5 Nd4 6. Bd3 d6 7. Nxd4 cxd4 8.
Ne2 Nf6 9. O-O O-O 10. Kh1 Nd7 11. c3 Nc5 12. Bb1 d3 13. Ng3 a5 14. a4 b6 15.
Ra3 f5 16. exf5 gxf5 17. b4 Ne4 18. Bxd3 Nxg3+ 19. hxg3 Bb7 20. b5 Qc7 21. Be2
e5 22. Bb2 Rf6 23. d4 Rh6+ 24. Kg1 Rg6 25. c4 e4 26. Re3 Bf6 27. Qb3 Kh8 28. d5
Qg7 29. Bxf6 Qxf6 30. Qc3 Qxc3 31. Rxc3 Rag8 32. Kf2 1-0

[Event "GBR-ch87"]
[Site "Millfield"]
[Date "2000.08.01"]
[Round "2.16"]
[White "Crawley, Gavin"]
[Black "Crouch, Colin"]
[Result "1/2-1/2"]
[WhiteElo "2401"]
[BlackElo "2448"]
[PlyCount "91"]
[EventDate "2000.07.31"]
[EventType "swiss"]
[EventRounds "11"]
[EventCountry "GBR"]
[SourceTitle "BritBase"]
[SourceDate "2008.07.14"]
[SourceVersion "1"]
[SourceVersionDate "2008.07.14"]
[SourceQuality "2"]

1. e4 Nf6 2. Nc3 d5 3. e5 Ne4 4. Nf3 g6 5. d4 Nxc3 6. bxc3 c5 7. Bb5+ Nc6 8.
O-O Qa5 9. Qe2 Bg7 10. c4 a6 11. Bd2 Qc7 12. cxd5 axb5 13. Qxb5 cxd4 14. dxc6
O-O 15. Rfe1 Rd8 16. Bb4 bxc6 17. Qc5 Rd5 18. Qxe7 Qxe7 19. Bxe7 Bg4 20. Bd6
Bxf3 21. gxf3 Bf8 22. Bxf8 Kxf8 23. Red1 Ra4 24. f4 Ke7 25. Kg2 Ke6 26. Rd3 Kf5
27. Kf3 Rc5 28. Rc1 Rc3 29. Rxc3 dxc3 30. Rd1 Rxf4+ 31. Kg3 Rg4+ 32. Kf3 Rc4
33. Rd7 Ke6 34. Rc7 Kxe5 35. Rxf7 Ra4 36. Rxh7 Rxa2 37. Re7+ Kf5 38. Re2 Ra4
39. Re3 Rc4 40. Ke2 g5 41. h3 c5 42. Rf3+ Ke4 43. Rg3 Kf5 44. Kd3 Rf4 45. f3
Rh4 46. Kxc3 1/2-1/2

[Event "GBR-ch87"]
[Site "Millfield"]
[Date "2000.08.01"]
[Round "2.18"]
[White "Buckley, Simon"]
[Black "Tan, Desmond"]
[Result "1/2-1/2"]
[WhiteElo "2237"]
[BlackElo "2203"]
[PlyCount "61"]
[EventDate "2000.07.31"]
[EventType "swiss"]
[EventRounds "11"]
[EventCountry "GBR"]
[SourceTitle "BritBase"]
[SourceDate "2008.07.14"]
[SourceVersion "1"]
[SourceVersionDate "2008.07.14"]
[SourceQuality "2"]

1. e4 c5 2. Nf3 Nc6 3. d4 cxd4 4. Nxd4 g6 5. c4 Nf6 6. Nc3 d6 7. Be2 Nxd4 8.
Qxd4 Bg7 9. Be3 O-O 10. Qd2 Be6 11. Rc1 Qa5 12. O-O Rfc8 13. b3 a6 14. f4 b5
15. f5 Bd7 16. fxg6 hxg6 17. e5 b4 18. Na4 Ne4 19. Qd3 Bxa4 20. Qxe4 Bc6 21.
Qf4 Qxe5 22. Qxf7+ Kh7 23. Qf4 Qxf4 24. Rxf4 Bf6 25. Rcf1 a5 26. Bd3 a4 27. Rg4
Rg8 28. h4 axb3 29. axb3 Bd7 30. Rg3 Ra5 31. Bg5 1/2-1/2

[Event "GBR-ch87"]
[Site "Millfield"]
[Date "2000.08.01"]
[Round "2.19"]
[White "Waters, Clive"]
[Black "Mahesh Chandran, Panjanathan"]
[Result "0-1"]
[WhiteElo "2170"]
[BlackElo "2238"]
[PlyCount "98"]
[EventDate "2000.07.31"]
[EventType "swiss"]
[EventRounds "11"]
[EventCountry "GBR"]
[SourceTitle "BritBase"]
[SourceDate "2008.07.14"]
[SourceVersion "1"]
[SourceVersionDate "2008.07.14"]
[SourceQuality "2"]

1. Nf3 Nf6 2. d4 d6 3. b3 Bg4 4. Bb2 Nbd7 5. e3 c6 6. Be2 Qc7 7. O-O e5 8. c4
Bxf3 9. Bxf3 e4 10. Be2 d5 11. Nc3 a6 12. Rc1 Bb4 13. f3 O-O 14. Na4 exf3 15.
Bxf3 Bd6 16. h3 Qd8 17. cxd5 Nxd5 18. Bxd5 cxd5 19. Nc5 Qe7 20. Nxb7 Qxe3+ 21.
Kh1 Bb8 22. Rc3 Qe7 23. Re1 Qb4 24. Nc5 Nf6 25. Rf1 Re8 26. a3 Qa5 27. Rxf6
gxf6 28. Nd7 Qd8 29. Nxb8 Rxb8 30. Bc1 Kh8 31. Bh6 Rg8 32. Re3 Rc8 33. Qe1 Rg6
34. Bf4 Qd7 35. Re2 Rcg8 36. g4 Qb5 37. Re3 Qb6 38. Qd2 Rc8 39. Kh2 Qc6 40. Re2
Kg7 41. Qd3 Re8 42. Rxe8 Qxe8 43. b4 Qe1 44. Bg3 Qc1 45. Kg2 Qg5 46. Kf2 h5 47.
gxh5 Qxh5 48. Qxa6 Qf5+ 49. Kg2 Qc2+ 0-1

[Event "GBR-ch87"]
[Site "Millfield"]
[Date "2000.08.01"]
[Round "2.20"]
[White "D'Costa, Lorin"]
[Black "Foster, James J"]
[Result "1-0"]
[WhiteElo "2157"]
[BlackElo "2000"]
[PlyCount "79"]
[EventDate "2000.07.31"]
[EventType "swiss"]
[EventRounds "11"]
[EventCountry "GBR"]
[SourceTitle "BritBase"]
[SourceDate "2008.07.14"]
[SourceVersion "1"]
[SourceVersionDate "2008.07.14"]
[SourceQuality "2"]

1. d4 d5 2. c4 Bf5 3. Nc3 e6 4. Nf3 c6 5. e3 Nf6 6. Be2 Nbd7 7. O-O Bd6 8. b3
O-O 9. Bb2 Qe7 10. Nh4 Bg6 11. Nxg6 hxg6 12. a3 Rac8 13. b4 dxc4 14. Bxc4 Nb6
15. Be2 Nbd5 16. Na4 Ne4 17. Bd3 Nxe3 18. fxe3 Qh4 19. g3 Bxg3 20. Qc2 Ng5 21.
Kh1 e5 22. Qg2 e4 23. Qxg3 Qxg3 24. hxg3 exd3 25. Rad1 Ne4 26. Kg2 d2 27. Nc5
Rfe8 28. Kf3 Ng5+ 29. Ke2 b6 30. Nb3 Ne4 31. Rg1 c5 32. bxc5 bxc5 33. Nxd2 Rb8
34. Rb1 Nf6 35. dxc5 Ng4 36. Bd4 Rbd8 37. Nf3 Re6 38. Rb3 Nh6 39. Rgb1 Nf5 40.
Kf2 1-0

[Event "GBR-ch87"]
[Site "Millfield"]
[Date "2000.08.01"]
[Round "2.21"]
[White "Evans-Quek, Suan"]
[Black "Binks, Michael E"]
[Result "1-0"]
[WhiteElo "2261"]
[BlackElo "2155"]
[PlyCount "75"]
[EventDate "2000.07.31"]
[EventType "swiss"]
[EventRounds "11"]
[EventCountry "GBR"]
[SourceTitle "BritBase"]
[SourceDate "2008.07.14"]
[SourceVersion "1"]
[SourceVersionDate "2008.07.14"]
[SourceQuality "2"]

1. e4 c5 2. Nf3 Nc6 3. d3 g6 4. g3 Bg7 5. Bg2 e6 6. O-O Nge7 7. Nbd2 O-O 8. Re1
d6 9. h4 h6 10. a4 a6 11. Nc4 Rb8 12. Bf4 e5 13. Bd2 b5 14. axb5 axb5 15. Ne3
f5 16. Qc1 Kh7 17. h5 f4 18. hxg6+ Nxg6 19. Nd5 Nce7 20. Ba5 Qd7 21. Nh2 Nxd5
22. exd5 Qf7 23. Rf1 Bb7 24. c4 b4 25. Be4 Ra8 26. Qd1 Ra6 27. Qh5 Rfa8 28.
gxf4 exf4 29. Kh1 Rxa5 30. Rg1 Kh8 31. Rxa5 Rxa5 32. Rxg6 Qf8 33. Re6 Ra1+ 34.
Kg2 Qg8 35. Re7 Bc8 36. b3 Ba6 37. Ng4 f3+ 38. Kxf3 1-0